000 00229 a2200097 4500
001 53356
100 _aSchwagler, B
245 _aSoftware Engg a Practitioner,s approach
260 _aN.Y
_bMc Graw Hill
_c
090 _c33604
_d33604
942 _aNUST-CAE
_cM
_c26230
999 _c288429
_d288429